[Event "Czech Open-Rapid 2022"]
[Site "Pardubice"]
[Date "2022.07.21"]
[Round "9.11"]
[White "Gressmann, Moritz"]
[Black "Rasik, Vitezslav"]
[Result "0-1"]
[WhiteElo "2114"]
[BlackElo "2419"]
[Annotator "ChessBase"]
[PlyCount "122"]
[EventDate "2022.07.20"]
[EventType "swiss"]
[EventCountry "CZE"]
[SourceTitle "playchess.com"]
[Source "ChessBase"]
[SourceQuality "1"]

1. d4 d6 2. Nf3 g6 3. g3 Bg7 4. Bg2 Nf6 5. O-O O-O 6. c4 Nc6 7. Nc3 Bf5 8. d5 Na5 9. Nd2 c5 10. e4 Bd7 11. a3 Qc7 12. Qe2 a6 13. Rb1 Rab8 14. b4 cxb4 15. axb4 Nxc4 16. Qxc4 Qxc4 17. Nxc4 Rfc8 18. Nb6 Rxc3 19. Bb2 Rc7 20. Rfc1 Rxc1+ 21. Rxc1 Bb5 22. Nc8 Kf8 23. Bd4 Ne8 24. Be3 Bb2 25. Rc2 Bd3 26. Rxb2 Rxc8 27. f4 Rc2 28. Rxc2 Bxc2 29. Bb6 Nf6 30. e5 Ne4 31. Bc7 Ke8 32. Bxe4 Bxe4 33. exd6 Bxd5 34. dxe7 Kxe7 35. Kf2 Ke6 36. Ke3 Kf5 37. h4 h5 38. Bb6 Bc6 39. Bc7 Bg2 40. Bb6 Bh1 41. Bc7 Ke6 42. Kd4 Kd7 43. Bb6 Kc6 44. Bd8 Bg2 45. Kc4 Bh3 46. Kd4 Kb5 47. Kc3 Be6 48. Bc7 Kc6 49. Bd8 Kd5 50. Kd3 Bf5+ 51. Ke3 Kc4 52. Be7 Be6 53. Bc5 a5 54. Bd4 Kxb4 55. Kd3 Bf5+ 56. Kd2 b5 57. Bc3+ Ka4 58. Be5 b4 59. Bf6 Kb3 60. Be5 Ka2 61. Kc1 a4 0-1

[Event "Czech Open-Rapid 2022"]
[Site "Pardubice"]
[Date "2022.07.21"]
[Round "9.12"]
[White "Cerveny, Martin"]
[Black "Ibrahim, Emad Eldin"]
[Result "1-0"]
[WhiteElo "2396"]
[BlackElo "2028"]
[Annotator "TA"]
[PlyCount "83"]
[EventDate "2022.07.20"]
[EventType "swiss"]
[EventCountry "CZE"]
[SourceTitle "playchess.com"]
[Source "ChessBase"]
[SourceQuality "1"]

1. d4 Nf6 2. Nf3 c5 3. d5 b5 4. c4 b4 5. Nbd2 g6 6. e4 d6 7. h3 Bg7 8. Bd3 O-O 9. O-O e5 10. g4 h5 11. Nh2 Bh6 12. Re1 hxg4 13. hxg4 Kg7 14. Kg2 Bf4 15. Ndf1 Nbd7 16. Ng3 Rh8 17. Rh1 Nf8 18. f3 Bxg3 19. Kxg3 g5 20. Kg2 N6h7 21. Nf1 Ng6 22. Ng3 Nh4+ 23. Kf2 Nf8 24. Nf5+ Bxf5 25. exf5 Nd7 26. Be4 f6 27. a3 Qb6 28. Bd2 Qa6 29. Qc1 b3 30. Bxg5 fxg5 31. Qxg5+ Kf7 32. Rac1 Rag8 33. Qe3 Nb6 34. Kg3 Qa4 35. Rxh4 Nxc4 36. Qe2 Nb6 37. Qh2 Rxh4 38. Qxh4 Qd4 39. Qh5+ Kf8 40. Qh6+ Kf7 41. Qe6+ Kg7 42. Qe7+ 1-0

[Event "Czech Open-Rapid 2022"]
[Site "Pardubice"]
[Date "2022.07.21"]
[Round "9.13"]
[White "Brejnik, Gustav"]
[Black "Schatz, Christian"]
[Result "0-1"]
[WhiteElo "2292"]
[BlackElo "2137"]
[Annotator "ChessBase"]
[PlyCount "164"]
[EventDate "2022.07.20"]
[EventType "swiss"]
[EventCountry "CZE"]
[SourceTitle "playchess.com"]
[Source "ChessBase"]
[SourceQuality "1"]

1. d4 Nf6 2. c4 c5 3. d5 b5 4. cxb5 a6 5. bxa6 d6 6. Nc3 g6 7. e4 Bg7 8. Bb5+ Nbd7 9. Qe2 O-O 10. Nf3 Qa5 11. O-O Bxa6 12. a4 Bxb5 13. Nxb5 Qb4 14. Nc3 Nb6 15. Qc2 Rfb8 16. Ra2 Nc4 17. Ne1 Qb3 18. Qe2 Nd7 19. Nd3 Nde5 20. Nxe5 Bxe5 21. Rd1 Nb6 22. Ra3 Qc4 23. Qc2 Qb4 24. Rb3 Qc4 25. Ra3 Qb4 26. Rb3 Qc4 27. Rb5 Nd7 28. Rxb8+ Rxb8 29. Bg5 Nf6 30. Ra1 Qb3 31. Qxb3 Rxb3 32. Bc1 Bxc3 33. bxc3 Nxe4 34. a5 Nxc3 35. a6 Nb5 36. Bg5 f6 37. Be3 Na7 38. g3 Kf7 39. Ra4 Ke8 40. Kf1 Rb2 41. Ke1 Kd7 42. Bd2 e6 43. dxe6+ Kxe6 44. Rh4 h5 45. g4 hxg4 46. Rxg4 g5 47. Re4+ Kd5 48. Re7 Nc6 49. Rb7 Ra2 50. Rb6 Ra1+ 51. Ke2 Ra2 52. Kd3 Ne5+ 53. Kc3 Nc4 54. Rb7 Nxd2 55. a7 Ne4+ 56. Kb3 Ra1 57. Kb2 Ra6 58. f3 Nd2 59. Rf7 Ke6 60. Rb7 Nc4+ 61. Kc3 Na5 62. Rc7 Kd5 63. Rf7 Nc6 64. Rxf6 Rxa7 65. Rf5+ Ne5 66. Rxg5 Ra3+ 67. Kd2 Kd4 68. Ke2 Ra2+ 69. Kf1 Ke3 70. Rg8 Nxf3 71. Re8+ Kd4 72. h3 c4 73. Re6 d5 74. Rf6 Nd2+ 75. Ke1 Ne4 76. Rf5 c3 77. Kd1 Nf2+ 78. Kc1 Nxh3 79. Rh5 Nf4 80. Rh4 Ke4 81. Kb1 Rg2 82. Kc1 d4 0-1

[Event "Czech Open-Rapid 2022"]
[Site "Pardubice"]
[Date "2022.07.21"]
[Round "9.14"]
[White "Bares, Jachym"]
[Black "Goroshkov, Maksym"]
[Result "1/2-1/2"]
[WhiteElo "2129"]
[BlackElo "2240"]
[Annotator "ChessBase"]
[PlyCount "66"]
[EventDate "2022.07.20"]
[EventType "swiss"]
[EventCountry "CZE"]
[SourceTitle "playchess.com"]
[Source "ChessBase"]
[SourceQuality "1"]

1. e4 e5 2. f4 d5 3. exd5 e4 4. d3 exd3 5. Bxd3 Nf6 6. Nf3 Be7 7. c4 O-O 8. O-O c6 9. Nc3 cxd5 10. Nxd5 Nc6 11. Ng5 g6 12. f5 Nxd5 13. cxd5 Bxg5 14. dxc6 Bxc1 15. Rxc1 bxc6 16. fxg6 hxg6 17. Qc2 Qb6+ 18. Kh1 Ba6 19. Bxa6 Qxa6 20. Rf6 Kh7 21. a3 Rae8 22. Rcf1 Re7 23. Qxc6 Qe2 24. Qc3 Kg8 25. b4 Re6 26. Qf3 Qa6 27. Rxe6 Qxe6 28. Qf6 Qb3 29. Qf3 Qc4 30. h3 Re8 31. Qf4 Qd5 32. Qf3 Qc4 33. Qf4 Qd5 1/2-1/2

[Event "Czech Open-Rapid 2022"]
[Site "Pardubice"]
[Date "2022.07.21"]
[Round "9.15"]
[White "Tichy, Stepan"]
[Black "Dolensky, Filip"]
[Result "1-0"]
[WhiteElo "2207"]
[BlackElo "2051"]
[Annotator "ChessBase"]
[PlyCount "91"]
[EventDate "2022.07.20"]
[EventType "swiss"]
[EventCountry "CZE"]
[SourceTitle "playchess.com"]
[Source "ChessBase"]
[SourceQuality "1"]

1. c4 e5 2. Nc3 d6 3. d3 Nf6 4. e4 Be7 5. g3 c6 6. Bg2 Qc7 7. Nge2 Nbd7 8. h3 h6 9. Be3 a6 10. a4 a5 11. O-O b6 12. f4 Ba6 13. Rb1 Nc5 14. Qd2 Rg8 15. Rf2 Ne6 16. b3 c5 17. fxe5 dxe5 18. Nd5 Qd6 19. Rbf1 Rh8 20. Nec3 Ra7 21. Nxe7 Rxe7 22. Nd5 Nxd5 23. exd5 Nf8 24. Be4 Bc8 25. Kh2 Nh7 26. Bf5 Bxf5 27. Rxf5 Nf6 28. Qf2 Rf8 29. Rxf6 Qxf6 30. Qxf6 gxf6 31. Rxf6 Rb7 32. Bxh6 Rg8 33. Rf5 Rg6 34. Rxe5+ Kd7 35. Bf4 Ra7 36. Kg2 Ra8 37. Kf3 Rag8 38. h4 Rf6 39. Ke4 Rg4 40. Rf5 Ke7 41. Rg5 Rg6 42. Rxg4 Rxg4 43. Kf5 Rg8 44. g4 f6 45. h5 Kf7 46. Bc7 1-0

[Event "Czech Open-Rapid 2022"]
[Site "Pardubice"]
[Date "2022.07.21"]
[Round "9.16"]
[White "Shystarova, Svitlana"]
[Black "Aradhya, Garg"]
[Result "0-1"]
[WhiteElo "1836"]
[BlackElo "2229"]
[Annotator "ChessBase"]
[PlyCount "58"]
[EventDate "2022.07.20"]
[EventType "swiss"]
[EventCountry "CZE"]
[SourceTitle "playchess.com"]
[Source "ChessBase"]
[SourceQuality "1"]

1. e4 e5 2. Nf3 Nc6 3. d4 exd4 4. Nxd4 Nf6 5. Nxc6 bxc6 6. e5 Qe7 7. Qe2 Nd5 8. c4 Nb6 9. Nc3 Qe6 10. Qe4 g6 11. Bd3 Bg7 12. O-O O-O 13. Re1 Ba6 14. b3 d5 15. cxd5 cxd5 16. Qd4 c5 17. Qxc5 Bxd3 18. Nb5 Rfc8 19. Nc7 Qd7 20. Qe3 Qxc7 21. Qxd3 Bxe5 22. Rb1 Qc3 23. Qe2 Bg7 24. Bb2 Qc2 25. Bxg7 Qxe2 26. Rxe2 Kxg7 27. a4 d4 28. Rd2 Nd5 29. Rxd4 Nc3 0-1

[Event "Czech Open-Rapid 2022"]
[Site "Pardubice"]
[Date "2022.07.21"]
[Round "9.17"]
[White "Kuznecova, Marija"]
[Black "Polak, Benedikt"]
[Result "1/2-1/2"]
[WhiteElo "1755"]
[BlackElo "2120"]
[Annotator "NA"]
[PlyCount "87"]
[EventDate "2022.07.20"]
[EventType "swiss"]
[EventCountry "CZE"]
[SourceTitle "playchess.com"]
[Source "ChessBase"]
[SourceQuality "1"]

1. e4 c5 2. Nf3 e6 3. d4 cxd4 4. Nxd4 a6 5. Nc3 Qc7 6. g3 Bb4 7. Bd2 Nc6 8. Nxc6 dxc6 9. Bg2 Nf6 10. O-O Be7 11. Kh1 e5 12. f4 Be6 13. f5 Bc4 14. Re1 a5 15. Qf3 h5 16. h3 Bc5 17. Be3 Nd7 18. Bxc5 Nxc5 19. b3 Ba6 20. Rad1 f6 21. Qe3 b6 22. a3 Nb7 23. Na4 b5 24. Nc5 Nxc5 25. Qxc5 Kf7 26. Rd6 Bb7 27. Red1 Rad8 28. c4 Rxd6 29. Rxd6 Rd8 30. Rxd8 Qxd8 31. cxb5 cxb5 32. Qxb5 Qc7 33. b4 axb4 34. axb4 h4 35. Qd3 hxg3 36. Qb3+ Kf8 37. Qxg3 Qc4 38. Qe1 Ke7 39. Bf3 Qd3 40. Kg2 Kd6 41. Kg3 Ke7 42. Kg2 Kd6 43. Kg3 Ke7 44. Kg2 1/2-1/2

[Event "Czech Open-Rapid 2022"]
[Site "Pardubice"]
[Date "2022.07.21"]
[Round "9.18"]
[White "Michelle Catherina, P."]
[Black "Vykouk, Jan"]
[Result "1-0"]
[WhiteElo "2141"]
[BlackElo "2476"]
[Annotator "ChessBase"]
[PlyCount "119"]
[EventDate "2022.07.20"]
[EventType "swiss"]
[EventCountry "CZE"]
[SourceTitle "playchess.com"]
[Source "ChessBase"]
[SourceQuality "1"]

1. d4 Nf6 2. Nc3 e6 3. Bf4 Bb4 4. e3 Nd5 5. Nge2 Nxf4 6. exf4 O-O 7. a3 Be7 8. g3 d5 9. Bg2 c5 10. O-O Nc6 11. dxc5 Bxc5 12. Qd3 Be7 13. Rad1 Bd7 14. Rfe1 Qb6 15. b4 Bf6 16. Na4 Qc7 17. Nc5 a5 18. Nxd7 Qxd7 19. b5 Ne7 20. c4 Rfd8 21. f5 Nxf5 22. cxd5 Rac8 23. Be4 g6 24. Qb1 e5 25. Rc1 Nd6 26. Nc3 Bg5 27. Rc2 Rxc3 28. Rxc3 Bd2 29. Rc5 Bxe1 30. Qxe1 Rc8 31. Rxc8+ Qxc8 32. Bg2 a4 33. Qb4 Qc7 34. Qxa4 Qc5 35. Bf1 e4 36. Qb3 b6 37. a4 Kg7 38. h4 h5 39. a5 bxa5 40. b6 Qb4 41. Qxb4 axb4 42. Bc4 Kf6 43. Kf1 Ke7 44. Ke2 Kd7 45. Ba6 Nf5 46. Kd2 b3 47. Kc3 Ne7 48. Bc4 Nf5 49. Kxb3 e3 50. fxe3 Nxg3 51. Bb5+ Kd6 52. Bc6 Nf5 53. b7 Kc7 54. e4 Nd6 55. e5 Nxb7 56. Be8 Nc5+ 57. Kc4 Nd7 58. Kd4 f5 59. Bxg6 f4 60. Bxh5 1-0

[Event "Czech Open-Rapid 2022"]
[Site "Pardubice"]
[Date "2022.07.21"]
[Round "9.19"]
[White "Sarkar, Justin"]
[Black "Jun, Rudolf"]
[Result "1-0"]
[WhiteElo "2346"]
[BlackElo "2134"]
[Annotator "TA"]
[PlyCount "103"]
[EventDate "2022.07.20"]
[EventType "swiss"]
[EventCountry "CZE"]
[SourceTitle "playchess.com"]
[Source "ChessBase"]
[SourceQuality "1"]

1. e4 c5 2. Nf3 Nc6 3. d4 cxd4 4. Nxd4 Nf6 5. Nc3 e5 6. Ndb5 d6 7. Bg5 a6 8. Na3 b5 9. Nd5 Be7 10. Nxe7 Qxe7 11. c4 b4 12. Nc2 Be6 13. f3 O-O 14. Be2 a5 15. O-O a4 16. Bxf6 gxf6 17. b3 axb3 18. axb3 Rxa1 19. Qxa1 Qb7 20. f4 Kh8 21. f5 Bc8 22. Qc1 Rg8 23. Qh6 Qe7 24. Ne3 Nd4 25. Bd3 Bb7 26. h3 Bxe4 27. Bxe4 Ne2+ 28. Kf2 Ng3 29. Bd5 Nxf1 30. Kxf1 Rg5 31. Be4 Rg7 32. Nd5 Qa7 33. Qe3 Qa1+ 34. Kf2 Qb2+ 35. Kg1 Qd4 36. Qxd4 exd4 37. Nxb4 Rg8 38. Nd5 Kg7 39. Kf2 Ra8 40. Ke2 Ra3 41. b4 Kf8 42. b5 Ke8 43. Nxf6+ Kd8 44. Nd5 Kc8 45. f6 h6 46. Kd2 Kb7 47. g4 Kb8 48. h4 Rg3 49. Bf5 Rh3 50. g5 Rh2+ 51. Kd3 Rxh4 52. g6 1-0

[Event "Czech Open-Rapid 2022"]
[Site "Pardubice"]
[Date "2022.07.21"]
[Round "9.20"]
[White "Malinovsky, Petr"]
[Black "Dosedel, Jiri"]
[Result "1-0"]
[WhiteElo "1959"]
[BlackElo "2008"]
[Annotator "TA"]
[PlyCount "77"]
[EventDate "2022.07.20"]
[EventType "swiss"]
[EventCountry "CZE"]
[SourceTitle "playchess.com"]
[Source "ChessBase"]
[SourceQuality "1"]

1. d4 Nf6 2. c4 g6 3. f3 Bg7 4. e4 d6 5. Nc3 O-O 6. Be3 Nbd7 7. Nge2 c5 8. d5 Ne8 9. g4 e5 10. Ng3 Bf6 11. Qd2 Bh4 12. O-O-O Ng7 13. Bd3 a6 14. Rdg1 Rb8 15. Bh6 Qa5 16. Nf5 Nxf5 17. gxf5 b5 18. Kb1 bxc4 19. Bxc4 Re8 20. Rg4 Bf6 21. h4 Nb6 22. Bb3 c4 23. Bd1 Bd7 24. h5 Rb7 25. Rhg1 Na4 26. Bxa4 Bxa4 27. hxg6 fxg6 28. fxg6 Reb8 29. gxh7+ Kxh7 30. Bf8 Rxb2+ 31. Kc1 Qxc3+ 32. Qxc3 Rb1+ 33. Kd2 Rxg1 34. Rxg1 Rxf8 35. f4 Bg7 36. Qh3+ Kg8 37. f5 Rf6 38. Qg4 Rf7 39. f6 1-0

[Event "Czech Open-Rapid 2022"]
[Site "Pardubice"]
[Date "2022.07.21"]
[Round "9.21"]
[White "Jonsson, Gauti Pall"]
[Black "Melichar, Vojtech"]
[Result "0-1"]
[WhiteElo "2071"]
[BlackElo "1907"]
[Annotator "NA"]
[PlyCount "38"]
[EventDate "2022.07.20"]
[EventType "swiss"]
[EventCountry "CZE"]
[SourceTitle "playchess.com"]
[Source "ChessBase"]
[SourceQuality "1"]

1. e4 e5 2. Nf3 Nc6 3. d4 exd4 4. Nxd4 Nf6 5. Nxc6 bxc6 6. Bd3 d5 7. O-O Be7 8. e5 Ng4 9. Qe2 f6 10. f4 Bc5+ 11. Kh1 O-O 12. c4 fxe5 13. cxd5 cxd5 14. f5 Nxh2 15. Rd1 Qh4 16. Qe1 Bf2 17. Bg5 Qxg5 18. Qxf2 Qh5 19. Be2 Nf3+ 0-1

[Event "Czech Open-Rapid 2022"]
[Site "Pardubice"]
[Date "2022.07.21"]
[Round "9.22"]
[White "Sosnik, Sebastian"]
[Black "Bouska, Jiri"]
[Result "1-0"]
[WhiteElo "2255"]
[BlackElo "2157"]
[Annotator "ChessBase"]
[PlyCount "89"]
[EventDate "2022.07.20"]
[EventType "swiss"]
[EventCountry "CZE"]
[SourceTitle "playchess.com"]
[Source "ChessBase"]
[SourceQuality "1"]

1. e4 c5 2. Nf3 Nc6 3. d4 cxd4 4. Nxd4 g6 5. c4 Nf6 6. Nc3 d6 7. Be2 Nxd4 8. Qxd4 Bg7 9. O-O O-O 10. Bg5 Be6 11. Qe3 Qa5 12. Rac1 Rfc8 13. b3 a6 14. a4 Qc5 15. Qxc5 Rxc5 16. Nd5 Bxd5 17. exd5 Ne4 18. Be3 Rcc8 19. Bf3 Nf6 20. a5 Nd7 21. b4 Rc7 22. Rc2 Rac8 23. Rfc1 Ne5 24. Be2 f5 25. f4 Nd7 26. c5 dxc5 27. bxc5 Nf6 28. Bc4 Kf8 29. c6 bxc6 30. Bxa6 Ra8 31. Rxc6 Nxd5 32. Rxc7 Rxa6 33. Rc8+ Kf7 34. Bd2 Bd4+ 35. Kf1 Nf6 36. R1c6 Ra7 37. Rc4 Rd7 38. a6 Ne4 39. Bb4 Bb6 40. R4c6 Be3 41. R8c7 Rd8 42. Rxe7+ Kg8 43. Rcc7 Nf6 44. a7 Bxa7 45. Rxa7 1-0

[Event "Czech Open-Rapid 2022"]
[Site "Pardubice"]
[Date "2022.07.21"]
[Round "9.23"]
[White "Babula, Vlastimil jr"]
[Black "Brozka, Karel"]
[Result "1-0"]
[WhiteElo "2039"]
[BlackElo "2188"]
[Annotator "ChessBase"]
[PlyCount "69"]
[EventDate "2022.07.20"]
[EventType "swiss"]
[EventCountry "CZE"]
[SourceTitle "playchess.com"]
[Source "ChessBase"]
[SourceQuality "1"]

1. e4 c6 2. d4 d5 3. e5 c5 4. dxc5 e6 5. a3 Bxc5 6. b4 Bb6 7. Nf3 Ne7 8. Bd3 Bd7 9. O-O Nbc6 10. Bb2 Qc7 11. Nbd2 Ng6 12. Re1 a5 13. b5 Nce7 14. a4 O-O 15. Nb3 Nf4 16. Qd2 Nxd3 17. cxd3 Rfc8 18. Rac1 Qd8 19. g3 Be8 20. Nfd4 Ng6 21. Kg2 Nf8 22. f4 Nd7 23. Ba3 Bxd4 24. Nxd4 Nb6 25. f5 Rxc1 26. Rxc1 exf5 27. Nxf5 Nxa4 28. Be7 Qb6 29. Rc6 Qxb5 30. Qg5 Qb2+ 31. Kh3 Qxe5 32. Nh6+ Kh8 33. Qxe5 Bxc6 34. Bf6 Bd7+ 35. Kh4 1-0

[Event "Czech Open-Rapid 2022"]
[Site "Pardubice"]
[Date "2022.07.21"]
[Round "9.24"]
[White "Kraus, Ondrej"]
[Black "Bertram, Karsten"]
[Result "1-0"]
[WhiteElo "1993"]
[BlackElo "2062"]
[Annotator "NA"]
[PlyCount "123"]
[EventDate "2022.07.20"]
[EventType "swiss"]
[EventCountry "CZE"]
[SourceTitle "playchess.com"]
[Source "ChessBase"]
[SourceQuality "1"]

1. d4 d5 2. c4 e6 3. Nf3 f5 4. Nc3 Nf6 5. Bg5 Be7 6. e3 c6 7. Be2 O-O 8. O-O Bd7 9. Rb1 Be8 10. b4 Bh5 11. b5 Bxf3 12. Bxf3 Qa5 13. Qc2 Nbd7 14. Be2 Bb4 15. bxc6 bxc6 16. Bxf6 Nxf6 17. Na4 Ne4 18. Rfd1 Rab8 19. c5 e5 20. dxe5 Bc3 21. Rxb8 Rxb8 22. f3 Bd2 23. fxe4 Bxe3+ 24. Kh1 fxe4 25. e6 Bg5 26. Rb1 Re8 27. Bg4 Bf6 28. Qb3 g6 29. Qb7 Re7 30. Qxc6 Qd2 31. Qa8+ Kg7 32. Rd1 Qc2 33. Qxd5 Qxa4 34. Re1 e3 35. h3 h5 36. Bf3 Qf4 37. Qe4 Qg3 38. Qxe3 Rc7 39. c6 a5 40. Bd5 Qh4 41. Rf1 Re7 42. Qf4 Qxf4 43. Rxf4 Be5 44. Rf7+ Rxf7 45. exf7 g5 46. Kg1 g4 47. hxg4 hxg4 48. Kf2 Bf4 49. Ke2 Kf8 50. a4 Ke7 51. Kd3 Bh6 52. Kc4 Kd6 53. Be4 Ke6 54. Bf5+ Kd6 55. Bd7 Bf8 56. Kb5 Kc7 57. Kxa5 Bd6 58. Kb5 Kd8 59. a5 Ke7 60. Be8 Kd8 61. a6 Kc7 62. a7 1-0

[Event "Czech Open-Rapid 2022"]
[Site "Pardubice"]
[Date "2022.07.21"]
[Round "9.25"]
[White "Savitha Shri B"]
[Black "Valenta, Vit Vaclav"]
[Result "1-0"]
[WhiteElo "2278"]
[BlackElo "1996"]
[Annotator "ChessBase"]
[PlyCount "103"]
[EventDate "2022.07.20"]
[EventType "swiss"]
[EventCountry "CZE"]
[SourceTitle "playchess.com"]
[Source "ChessBase"]
[SourceQuality "1"]

1. e4 e5 2. Nf3 Nc6 3. Bb5 a6 4. Ba4 Nf6 5. d3 b5 6. Bb3 Be7 7. Nc3 d6 8. a3 O-O 9. h3 Na5 10. Ba2 c5 11. g4 Be6 12. g5 Ne8 13. Nd5 Nc7 14. Be3 Nc6 15. Qd2 Nd4 16. Bxd4 cxd4 17. O-O-O Nxd5 18. exd5 Bf5 19. Kb1 Qd7 20. Rdg1 f6 21. gxf6 Bxf6 22. Ng5 Bxg5 23. Qxg5 Bg6 24. Rh2 Rf5 25. Qd2 Raf8 26. Bb3 Qf7 27. Rgg2 Bh5 28. Qa5 Bf3 29. Rg1 Qb7 30. h4 R5f7 31. h5 Bxd5 32. Bxd5 Qxd5 33. Rhg2 Qc6 34. Qd2 Kh8 35. Qg5 Qd7 36. Qh4 Rf4 37. Qh2 R8f7 38. Qh1 Qd8 39. Rh2 d5 40. Re1 Re7 41. Qg2 h6 42. Rh3 e4 43. Rg3 Qf8 44. Qh3 exd3 45. Rxe7 dxc2+ 46. Kxc2 Rxf2+ 47. Kb1 Qxe7 48. Ka2 Rf6 49. Qg4 Qc7 50. Rg2 Qc4+ 51. b3 Qc3 52. Qxg7# 1-0

[Event "Czech Open-Rapid 2022"]
[Site "Pardubice"]
[Date "2022.07.21"]
[Round "9.26"]
[White "Maul, Maik"]
[Black "Laith, Kasib"]
[Result "1/2-1/2"]
[WhiteElo "1568"]
[BlackElo "2079"]
[Annotator "NA"]
[PlyCount "104"]
[EventDate "2022.07.20"]
[EventType "swiss"]
[EventCountry "CZE"]
[SourceTitle "playchess.com"]
[Source "ChessBase"]
[SourceQuality "1"]

1. d4 Nf6 2. Nc3 d6 3. Bf4 g6 4. Qd2 c6 5. O-O-O b5 6. f3 b4 7. Na4 Qa5 8. b3 Nd5 9. Kb1 Nc3+ 10. Nxc3 bxc3 11. Qd3 Ba6 12. Qe3 Nd7 13. Qf2 Nb6 14. e4 d5 15. Bxa6 Qxa6 16. Ne2 Qa3 17. Nxc3 e6 18. Bc1 Qd6 19. Bb2 a5 20. Rhe1 a4 21. g3 axb3 22. cxb3 Qd7 23. f4 Bb4 24. f5 O-O 25. f6 Rfb8 26. e5 Nc4 27. Qf4 Nxb2 28. Kxb2 Qa7 29. Qh6 Qa3+ 30. Kc2 Bf8 31. Qc1 Qb4 32. Qb2 c5 33. Ne2 c4 34. Nc1 Bh6 35. Rf1 Rc8 36. Kb1 Bxc1 37. Rxc1 Rab8 38. Rf3 h6 39. Rfc3 Rc6 40. a3 Qb5 41. b4 Ra6 42. Kc2 Rba8 43. Ra1 Qa4+ 44. Kd2 Rb8 45. Rcc1 Qb5 46. Qc3 Kh7 47. Ra2 Rba8 48. Rca1 Qa4 49. Ke3 Qb5 50. Kd2 Qa4 51. Qc2 Qb5 52. Qc3 Qa4 1/2-1/2

[Event "Czech Open-Rapid 2022"]
[Site "Pardubice"]
[Date "2022.07.21"]
[Round "9.27"]
[White "Kokes, Bohuslav"]
[Black "Strebkovs, Andrejs"]
[Result "1-0"]
[WhiteElo "1909"]
[BlackElo "2283"]
[Annotator "ChessBase"]
[PlyCount "91"]
[EventDate "2022.07.20"]
[EventType "swiss"]
[EventCountry "CZE"]
[SourceTitle "playchess.com"]
[Source "ChessBase"]
[SourceQuality "1"]

1. e4 g6 2. d4 d6 3. Nc3 c6 4. Be3 e5 5. Nge2 Nd7 6. f3 Bg7 7. Qd2 Qe7 8. O-O-O Ngf6 9. g4 h5 10. g5 Nh7 11. h4 Nb6 12. b3 O-O 13. Ng3 Re8 14. d5 c5 15. a4 Rb8 16. Nb5 a6 17. Na3 Na8 18. Bc4 b6 19. Qe2 Nc7 20. Kd2 Qd7 21. Ke1 b5 22. axb5 axb5 23. Bd3 Nf8 24. Kf2 Ba6 25. c4 bxc4 26. bxc4 Qe7 27. Kg2 Nd7 28. Rb1 Rb4 29. Nc2 Rb6 30. Qd2 Reb8 31. Rxb6 Rxb6 32. Qc3 Qd8 33. Ra1 Qb8 34. Ra3 Bc8 35. Ne2 Na6 36. Nc1 Nb4 37. Nb3 Ra6 38. Rxa6 Bxa6 39. Nxb4 cxb4 40. Qa1 Qc8 41. Qc1 Bf8 42. Na5 Nc5 43. Bf1 Qc7 44. Nc6 b3 45. Qa3 Qb6 46. Nb4 1-0

[Event "Czech Open-Rapid 2022"]
[Site "Pardubice"]
[Date "2022.07.21"]
[Round "9.28"]
[White "Chubar, Vladimir"]
[Black "Jurek, Josef"]
[Result "0-1"]
[WhiteElo "1809"]
[BlackElo "2200"]
[Annotator "ChessBase"]
[PlyCount "68"]
[EventDate "2022.07.20"]
[EventType "swiss"]
[EventCountry "CZE"]
[SourceTitle "playchess.com"]
[Source "ChessBase"]
[SourceQuality "1"]

1. d4 Nf6 2. Nf3 b6 3. Bf4 Bb7 4. e3 g6 5. c4 Bg7 6. Nc3 O-O 7. Be2 c5 8. d5 d6 9. O-O Nh5 10. Bg5 h6 11. Bh4 g5 12. Bg3 Nxg3 13. fxg3 Nd7 14. e4 Ne5 15. Nxe5 Bxe5 16. Bh5 e6 17. Qd3 Qe7 18. Rf3 g4 19. Bxg4 Qg5 20. Bh3 Qg6 21. Raf1 Rae8 22. Kh1 Bc8 23. dxe6 fxe6 24. Nb5 a6 25. Rxf8+ Rxf8 26. Rxf8+ Kxf8 27. Nxd6 Bd7 28. Nf5 Ke8 29. Nh4 Qg5 30. Qc2 Qf6 31. Nf3 Bxb2 32. Bg4 Qc3 33. Qd1 Qxc4 34. Qxd7+ Kxd7 0-1

[Event "Czech Open-Rapid 2022"]
[Site "Pardubice"]
[Date "2022.07.21"]
[Round "9.29"]
[White "Klimakovs, Sergejs"]
[Black "Nemec, Bohumil"]
[Result "1-0"]
[WhiteElo "2266"]
[BlackElo "1762"]
[Annotator "TA"]
[PlyCount "89"]
[EventDate "2022.07.20"]
[EventType "swiss"]
[EventCountry "CZE"]
[SourceTitle "playchess.com"]
[Source "ChessBase"]
[SourceQuality "1"]

1. e4 c5 2. Nf3 a6 3. Nc3 e6 4. d4 cxd4 5. Nxd4 Qc7 6. g3 Nc6 7. Bg2 Nf6 8. O-O Be7 9. Be3 O-O 10. Nxc6 bxc6 11. Na4 Rb8 12. c4 d5 13. cxd5 exd5 14. exd5 cxd5 15. Rc1 Qd8 16. Bd4 Bg4 17. Qd3 a5 18. b3 Ba3 19. Rc2 g6 20. Qa6 Be6 21. Nc5 Re8 22. Re2 Bxc5 23. Bxc5 Ra8 24. Qd3 a4 25. Bd4 axb3 26. axb3 Nd7 27. Bb2 f6 28. Rxe6 Rxe6 29. Bxd5 Nc5 30. Qc4 Rc8 31. b4 Kg7 32. bxc5 Re7 33. c6 Qd6 34. h4 h5 35. Bf3 Qd2 36. Bc3 Qd6 37. Bb4 Qe6 38. Bd5 Qe2 39. Bxe7 Qxe7 40. Bf3 Qe5 41. Kg2 Rd8 42. Rb1 Rd4 43. Rb7+ Kh6 44. Qg8 Rxh4 45. gxh4 1-0

[Event "Czech Open-Rapid 2022"]
[Site "Pardubice"]
[Date "2022.07.21"]
[Round "9.30"]
[White "Vlasak, Jiri"]
[Black "Vokoun, Jan"]
[Result "1/2-1/2"]
[WhiteElo "1817"]
[BlackElo "2056"]
[Annotator "NA"]
[PlyCount "47"]
[EventDate "2022.07.20"]
[EventType "swiss"]
[EventCountry "CZE"]
[SourceTitle "playchess.com"]
[Source "ChessBase"]
[SourceQuality "1"]

1. b4 a6 2. Bb2 Nc6 3. a3 e5 4. c4 f6 5. e3 Nge7 6. d4 exd4 7. exd4 d5 8. c5 Bf5 9. Bd3 Qd7 10. Ne2 h5 11. O-O Bxd3 12. Qxd3 Qf5 13. Rd1 Qxd3 14. Rxd3 Kf7 15. Nbc3 g5 16. f4 Bh6 17. Rf1 Kg6 18. Bc1 g4 19. f5+ Nxf5 20. Bxh6 Rxh6 21. Nxd5 Rd8 22. Nxc7 Nfxd4 23. Nf4+ Kf7 24. Ncd5 1/2-1/2

[Event "Czech Open-Rapid 2022"]
[Site "Pardubice"]
[Date "2022.07.21"]
[Round "9.32"]
[White "Ptacek, Lubos"]
[Black "Ni, Polina"]
[Result "1-0"]
[WhiteElo "2049"]
[BlackElo "1871"]
[Annotator "NA"]
[PlyCount "119"]
[EventDate "2022.07.20"]
[EventType "swiss"]
[EventCountry "CZE"]
[SourceTitle "playchess.com"]
[Source "ChessBase"]
[SourceQuality "1"]

1. e4 Nf6 2. Nc3 d5 3. exd5 Nxd5 4. Nf3 Bg4 5. d3 Nc6 6. Be2 e6 7. O-O Qd7 8. Ne4 f5 9. Nc3 O-O-O 10. Re1 h6 11. Nh4 Bxe2 12. Qxe2 Nd4 13. Qd1 g5 14. Ng6 Rg8 15. Ne5 Qg7 16. Nxd5 Rxd5 17. Nc4 Qf6 18. c3 Nc6 19. Qe2 e5 20. b4 Bg7 21. Bb2 Re8 22. Ne3 Rdd8 23. b5 Ne7 24. c4 Ng6 25. Nd5 Qd6 26. g3 g4 27. Rad1 h5 28. Qc2 h4 29. Ne3 hxg3 30. fxg3 f4 31. Nxg4 fxg3 32. hxg3 Qd7 33. Qe2 Qf5 34. Qe4 Qh5 35. Nf2 Rh8 36. Qg4+ Qxg4 37. Nxg4 Rhe8 38. Re4 c6 39. a4 Kc7 40. Nf2 c5 41. Rg4 Re6 42. Re1 Bh8 43. Re3 b6 44. Ne4 Ne7 45. Ng5 Rg6 46. Bxe5+ Bxe5 47. Rxe5 Kd7 48. Rge4 Re8 49. Kg2 Rd6 50. Re3 Rg6 51. Ne4 Reg8 52. Rf3 R8g7 53. a5 Re6 54. Rxe6 Kxe6 55. axb6 axb6 56. Rf6+ Ke5 57. Rxb6 Kd4 58. Rd6+ Ke5 59. Rd7 Ke6 60. Nxc5+ 1-0